| 000 | 00577nam a2200193 i 4500 | ||
|---|---|---|---|
| 001 | 74950 | ||
| 003 | ES-MaACL | ||
| 007 | t| | ||
| 008 | 040921s1947 mx ||||1| spa d | ||
| 245 | 0 | 0 |
_aBélgica / _cpor W. Carpenter... [et al.] ; bajo la dirección de Juan-Alberto Goris. |
| 260 |
_aMéxico : _bJus, _c1947. |
||
| 300 |
_aXII, 454 p., 5 lám. ; _c24 cm. |
||
| 490 | 1 | _aNaciones Unidas | |
| 700 | 1 |
_aCarpenter, W. _935440 |
|
| 700 | 1 |
_aGoris, Jan-Albert. _959187 |
|
| 830 | 0 |
_aNaciones Unidas _9231233 |
|
| 852 |
_aES-MaACL _jE-804 _bR.26504 |
||
| 999 |
_c74950 _d74950 |
||